| 000 | 00547nam a2200169Ia 4500 | ||
|---|---|---|---|
| 003 | GCL | ||
| 008 | 140319s9999 xx 000 0 ara d | ||
| 040 |
_aGCL / _cGCL |
||
| 082 | 0 | 4 |
_a346.07 _bا ف |
| 100 | 1 | _aاحمد محمد محرز | |
| 245 | 1 | 0 |
_aفكرة الملكية التجارية: تطورها ووسائل حمايتها (دراسة مقارنة) / _cاحمد محمد محرز |
| 260 |
_a[S.N] : _bدار النهضة العربية ، _c1989 |
||
| 300 | _a218 ص | ||
| 490 | _a | ||
| 650 | 0 | 4 | _aالقانون |
| 942 |
_2ddc _cBK |
||
| 999 |
_c42012 _d42012 |
||